Project design for geomatics engineers and surveyors / (Record no. 44261)

MARC details
001 - CONTROL NUMBER
control field 22801781
003 - CONTROL NUMBER IDENTIFIER
control field 0000
005 - DATE AND TIME OF LATEST TRANSACTION
control field 20260402151824.0
008 - FIXED-LENGTH DATA ELEMENTS--GENERAL INFORMATION
fixed length control field 220923s2023 flu b 001 0 eng
010 ## - LIBRARY OF CONGRESS CONTROL NUMBER
LC control number 2022046427
020 ## - INTERNATIONAL STANDARD BOOK NUMBER
International Standard Book Number 9781032266794
020 ## - INTERNATIONAL STANDARD BOOK NUMBER
International Standard Book Number 9781032285160
020 ## - INTERNATIONAL STANDARD BOOK NUMBER
Cancelled/invalid ISBN 9781003297147
035 ## - SYSTEM CONTROL NUMBER
System control number 22801781
040 ## - CATALOGING SOURCE
Original cataloging agency DLC
Language of cataloging eng
Description conventions rda
Transcribing agency DLC
042 ## - AUTHENTICATION CODE
Authentication code pcc
050 00 - LIBRARY OF CONGRESS CALL NUMBER
Classification number TA545
Item number .O36 2023
082 00 - DEWEY DECIMAL CLASSIFICATION NUMBER
Classification number 526
Edition number 23/eng/20221202
100 1# - MAIN ENTRY--PERSONAL NAME
Personal name Ogaja, Clement A.,
Relator term author.
240 10 - UNIFORM TITLE
Uniform title <a href="Geomatics engineering">Geomatics engineering</a>
245 10 - TITLE STATEMENT
Title Project design for geomatics engineers and surveyors /
Statement of responsibility, etc Clement Ogaja, Nashon Adero, Derrick Koome.
250 ## - EDITION STATEMENT
Edition statement Second edition.
263 ## - PROJECTED PUBLICATION DATE
Projected publication date 2304
264 #1 - PUBLICATION, DISTRIBUTION, ETC. (IMPRINT)
Place of publication, distribution, etc Boca Raton :
Name of publisher, distributor, etc CRC Press,
Date of publication, distribution, etc 2023.
300 ## - PHYSICAL DESCRIPTION
Extent xxii,281p.
Other physical details ill.:
336 ## - CONTENT TYPE
Content type term text
Content type code txt
Source rdacontent
337 ## - MEDIA TYPE
Media type term unmediated
Media type code n
Source rdamedia
338 ## - CARRIER TYPE
Carrier type term volume
Carrier type code nc
Source rdacarrier
500 ## - GENERAL NOTE
General note Revised edition of: Geomatics engineering : a practical guide to project design / Clement A. Ogaja. Boca Raton : CRC Press, c2011.
504 ## - BIBLIOGRAPHY, ETC. NOTE
Bibliography, etc Includes bibliographical references and index.
520 ## - SUMMARY, ETC.
Summary, etc ""Project Design for Geomatics Engineers and Surveyors, Second Edition", continues to focus on the key components and aspects of project design for geomatics and land surveying projects with the goal of helping readers navigate the priority issues when planning new projects. The second edition includes new materials on surveying and UAV, and it is thoroughly updated to keep current with the recent technology and terminology. The two new chapters capture new developments in the rapidly emerging use of remote sensing and GIS in aerial surveys, mapping, and imaging for small-to-medium scale projects, as well as modern practices and experiences in engineering surveying"--
Assigning source Provided by publisher.
650 #0 - SUBJECT ADDED ENTRY--TOPICAL TERM
Topical term or geographic name as entry element Surveying.
650 #0 - SUBJECT ADDED ENTRY--TOPICAL TERM
Topical term or geographic name as entry element Geomatics.
650 #0 - SUBJECT ADDED ENTRY--TOPICAL TERM
Topical term or geographic name as entry element Project management.
650 #0 - SUBJECT ADDED ENTRY--TOPICAL TERM
Topical term or geographic name as entry element Geographic information systems.
700 1# - ADDED ENTRY--PERSONAL NAME
Personal name Adero, Nashon Juma,
Relator term author.
700 1# - ADDED ENTRY--PERSONAL NAME
Personal name Koome, Derrick,
Relator term author.
776 08 - ADDITIONAL PHYSICAL FORM ENTRY
Relationship information Online version:
Main entry heading Ogaja, Clement A.
Title Project design for geomatics engineers and surveyors
Edition Second edition
Place, publisher, and date of publication Boca Raton : CRC Press, 2023
International Standard Book Number 9781003297147
Record control number (DLC) 2022046428
906 ## - LOCAL DATA ELEMENT F, LDF (RLIN)
a 7
b cbc
c orignew
d 1
e ecip
f 20
g y-gencatlg
942 ## - ADDED ENTRY ELEMENTS (KOHA)
Source of classification or shelving scheme Library of Congress Classification
Koha item type Books
Holdings
Withdrawn status Lost status Source of classification or shelving scheme Damaged status Not for loan Permanent Location Current Location Date acquired Total Checkouts Full call number Barcode Date last seen Price effective from Koha item type
    Library of Congress Classification     NILE UNIVERSITY OF NIGERIA - MAIN LIBRARY NILE UNIVERSITY OF NIGERIA - MAIN LIBRARY 04/02/2026   TA 545 .O36 2023 0199646 04/02/2026 04/02/2026 Books